| 000 | 01082nam0a22003131 4500 | ||
|---|---|---|---|
| 001 | v19\rc\1471334 | ||
| 005 | 20060620111626.3 | ||
| 035 | _a(NLR Aleph) 004606749 | ||
| 090 |
_a2858888 _c2858888 |
||
| 100 | _a20060620g18761877|||y0rusy50 ca | ||
| 101 | 0 | _arus | |
| 102 | _aRU | ||
| 105 | _ay e ||||| | ||
| 200 | 1 |
_aСловарь к Геродоту _eСкифия, IV, 1-144 и Сражение при Фермопилах, VII, 201-238 _fСост. преп. Киев. первой гимназии Г.А. Янчевецкий |
|
| 210 |
_aКиев _cН.Я. Оглоблин _d1876 (обл. 1877) |
||
| 215 |
_a57 с. _d24 |
||
| 700 | 1 |
_aЯнчевецкий _bГ. А. _f1846-1903 _gГригорий Андреевич _4220 |
|
| 702 | 0 |
_aГеродот _f5 в. до н. э. _4570 |
|
| 801 | 0 |
_aRU _bNLR _gpsbo |
|
| 801 | 0 |
_aRU _bRuMoRGB _2psbo |
|
| 801 | 1 |
_aRU _bProSoft-M _2rusmarc |
|
| 852 |
_aNLR _j18.115.1.191 |
||
| 899 |
_aRuMoRGB _jG 79/53 |
||
| 899 |
_aRuMoRGB _jJ 93/121 |
||
| 899 | _aБАН | ||
| 899 | _aНБ СПбГУ | ||
| 899 | _aГПИБ | ||
| 942 | _cBOOK | ||
| 980 | _aNB | ||